000 01215nam a2200337Ia 4500
001 dia_1557
003 CHAP
005 20251023151800.0
008 220117s1965 xx 000 0 und d
010 _a172101
040 _cCHAP
082 _a621.56 S76 1965
100 _aStoecker, W. F.
_9109851
245 _aRefrigeración y acondicionamiento de aire /
_c W. F. Stoecker ; traducción José Seijas Domínguez ; colaboración Doroteo Sanguino Muñoz
260 _aMéxico :
_b McGraw-Hill,
_c1965
300 _a406 p.
400 _aGRAFS. ANEXOS.
500 _aTítulo original: Refrigeration and air conditioning
503 _aI. 72302 (ej. 1) \ I. 72300 (ej. 3) \ I. 72301 (ej. 4) \ I. 72299 (ej. 5)
504 _aIncluye bibliografías
590 _aTP492 S76 1965
650 _aAir conditioning
_9151013
650 _aAire acondicionado
_93151
650 _aRefrigeración
_995611
650 _aRefrigeration and refrigerating machinery
_9151014
700 _aSeijas Domínguez, José, tr. / Sanguino Muñoz, Doroteo, colab.
_9151015
901 _a621.56 S76 1965
902 _aM
905 _a5232271965 mx aimn8222223322spa16
942 _cLIBRO
_2ddc
999 _c172101
_d172101